All Airlink Depots/Sidings - Statistics

General Stats
  • This quiz has been taken 18 times
  • The average score is 4 of 6
Answer Stats
Facing Closest Station Other Operators? The Operators Answer % Correct
Stepford Central Stepford East Yes Express/Connect Stepford Depot
92%
Terminal 2 Airport West Yes Connect/Waterline Farleigh Depot (Road 17)
67%
Leighton Step Rd. Leighton Step. Rd Yes Connect/Express Leighton Depot
67%
Airport Central Airport West Yes Connect/Waterline Farleigh Depot (Road 11)
58%
Morganstown Airport Parkway No Airport Parkway Depot
50%
Airport Parkway Airport Parkway No Airport Parkway Siding
50%
No matching quizzes found
Score Distribution
Percent of People with Each Score
Percentile by Number Answered
Your Score History
You have not taken this quiz